| 000 | 01095cam a2200265 4500 | ||
|---|---|---|---|
| 001 | ##L131228 | ||
| 002 | ##9147 | ||
| 008 | 051007n2005 000 0 eng u | ||
| 020 | _a0955086205 | ||
| 035 | _a(Sirsi) u131228 | ||
| 041 | 0 | _aeng | |
| 050 | 0 | 4 | _a333.0062 $2 18 |
| 100 | 1 | _aMoore, Peter | |
| 245 | 0 | 4 | _aThe property career guide |
| 260 |
_aLondon _bMacdonald & Co _c2005 |
||
| 300 |
_a41p. _bill. _c21cm. |
||
| 350 | _a5.99 | ||
| 505 | 2 | _aIntroduction -- The property profession: past, present, future -- Career planning -- The job search -- Interviews -- Tests -- Making the decision -- Macdonald and Company -- Useful contacts/sources of information | |
| 520 | _aAimed at jobseekers in the crucial early years of a career within the UK property industry; also likely to have relevance for all levels. Discusses the key issues jobseekers have to consider. | ||
| 651 | 4 |
_aUnited Kingdom _y |
|
| 690 | _aCAREERS, EDUCATION AND TRAINING-CAREERS IN SURVEYING | ||
| 700 | 1 |
_aHolroyde, Charlie _eeditor. |
|
| 710 | 2 |
_aRoyal Institution of Chartered Surveyors _94900 |
|
| 942 | _n0 | ||
| 999 |
_c104691 _d104691 |
||